Prácticas de investigación de mercados: siete investigaciones completas

Wedi'i Gadw mewn:
Manylion Llyfryddiaeth
Prif Awduron: Soler, Pere (Awdur), Perdiguer, Agustín (Awdur)
Fformat: Llyfr
Iaith:Sbaeneg
Cyhoeddwyd: Bilbao Ediciones Deusto 1992
Rhifyn:1a. ed
Pynciau:
Tagiau: Ychwanegu Tag
Dim Tagiau, Byddwch y cyntaf i dagio'r cofnod hwn!

MARC

LEADER 00000cam a2200000 a 4500
001 UCD8960
003 CL-VaPUC
008 170527e19920000sp |||||||||||||||||spa|d
020 |a 8423410544 
082 0 4 |a 658.834  |b SOL  |2 21 
100 0 |a Soler, Pere  |e author  |9 592584 
700 0 |a Perdiguer, Agustín  |e author  |9 592585 
245 1 0 |a Prácticas de investigación de mercados: siete investigaciones completas 
250 |a 1a. ed 
300 |a 368 p 
942 |c BK 
945 |d 20170527 00:32:00  |a arojas 
260 |a Bilbao  |b Ediciones Deusto  |c 1992 
650 0 |a Consumidores  |9 315658 
650 0 |a Clientes  |9 369499 
650 0 |a Investigación de mercado  |9 332310 
650 0 |a Métodos de investigación   |9 262618 
650 0 |a Análisis estadístico  |9 269506 
583 |a last modification  |c 20170527 00:32:00  |k Rodrigo Vera 
999 |c 368266  |d 368264